Free Will (Record no. 233451)
[ view plain ]
| 000 -LEADER | |
|---|---|
| fixed length control field | 02148nam a22002057a 4500 |
| 005 - DATE AND TIME OF LATEST TRANSACTION | |
| control field | 20250102153507.0 |
| 008 - FIXED-LENGTH DATA ELEMENTS--GENERAL INFORMATION | |
| fixed length control field | 250102b ||||| |||| 00| 0 eng d |
| 020 ## - INTERNATIONAL STANDARD BOOK NUMBER | |
| International Standard Book Number | 9781451683400 |
| 040 ## - CATALOGING SOURCE | |
| Transcribing agency | AL |
| 041 ## - LANGUAGE CODE | |
| Language code of text/sound track or separate title | English |
| 082 ## - DEWEY DECIMAL CLASSIFICATION NUMBER | |
| Edition number | 23 |
| Classification number | 123.5 |
| Item number | HARF |
| 100 ## - MAIN ENTRY--PERSONAL NAME | |
| Personal name | Sam Harris |
| 100 ## - MAIN ENTRY--PERSONAL NAME | |
| 9 (RLIN) | 192015 |
| 245 ## - TITLE STATEMENT | |
| Title | Free Will |
| 260 ## - PUBLICATION, DISTRIBUTION, ETC. | |
| Place of publication, distribution, etc. | New York |
| Name of publisher, distributor, etc. | Free Press |
| Date of publication, distribution, etc. | 2012 |
| 300 ## - PHYSICAL DESCRIPTION | |
| Extent | 83 p. |
| Other physical details | PB |
| Dimensions | 20x14.5 cm. |
| 365 ## - TRADE PRICE | |
| Price type code | XHCR-53463 |
| Price amount | ₹297.00 |
| Currency code | ₹ |
| Unit of pricing | ₹299.00 |
| Price effective from | 17-12-2024 |
| 520 ## - SUMMARY, ETC. | |
| Summary, etc. | A person’s free will is what drives most of their actions and determines their consequences in the course of one’s life. It encompassses almost everything that a person values in life. The framing of laws, politics, religious ethics, and intimate relationships would not be possible without the ability of people to think freely. Free will also puts into perspective the idea that feelings of regret or personal achievement are a result of a person’s own thoughts and actions.<br/>Benjamin Libet, a physiologist, once demonstrated that brain activity in the motor regions begins about 300 milliseconds prior to a person’s actual thought. In another lab, MRI data has gone on to show that what a person considers a “conscious” decision has in fact taken place in the brain around 10 seconds earlier than they become aware of it. Such findings make the author question the existence of free will.<br/><br/>According to the author, the concept of free will has gone beyond the confines of philosophical seminars and will go on to question the religious notion of a "sin" and the persistence for punitive justice. The Supreme Court considers free will to be a "universal and persistent" foundation of the judicial system. Considering this, the author throws open the debate that any scientific developments that contradict the so called belief of free will would question the practice of punishing people for their crimes. In Free Will, Harris puts forth various ideas and views while looking at them from a scientific perspective and actually questions the very existence of a human being’s free will. |
| 650 ## - SUBJECT ADDED ENTRY--TOPICAL TERM | |
| Topical term or geographic name entry element | Free Will and Determinism |
| 9 (RLIN) | 192014 |
| 942 ## - ADDED ENTRY ELEMENTS (KOHA) | |
| Source of classification or shelving scheme | Dewey Decimal Classification |
| Koha item type | Book |
| Withdrawn status | Lost status | Source of classification or shelving scheme | Damaged status | Not for loan | Collection code | Home library | Current library | Date acquired | Source of acquisition | Cost, normal purchase price | Total Checkouts | Full call number | Barcode | Date last seen | Cost, replacement price | Koha item type |
|---|---|---|---|---|---|---|---|---|---|---|---|---|---|---|---|---|
| Dewey Decimal Classification | Psychology | St Aloysius Library | St Aloysius Library | 01/02/2025 | amazon.in | 297.00 | 123.5 HARF | 077443 | 01/02/2025 | 299.00 | Book |